Návrh marketingovej komunikácie vybraného podniku diplomová práca

Gespeichert in:
Bibliographische Detailangaben
1. Verfasser: Delyová, Miroslava
Körperschaft: Podnikovohospodárska fakulta EU so sídlom v Košiciach. Katedra obchodného podnikania
Weitere Verfasser: Zuzik, Jozef, 1985-
Format: Buch
Sprache:Slowakisch
Veröffentlicht: Košice 2024
Tags: Tag hinzufügen
Keine Tags, Fügen Sie das erste Tag hinzu!

MARC

LEADER 00000nbm a2200000 4500
001 0301514
005 20250120141928.0
041 0 |a slo 
044 |a SK 
245 1 0 |a Návrh marketingovej komunikácie vybraného podniku  |b diplomová práca  |c Miroslava Delyová ; školiteľ: Jozef Zuzik 
264 1 |a Košice  |c 2024 
300 |a 72 s. 
100 1 |a Delyová, Miroslava 
700 1 |a Zuzik, Jozef, 1985- 
710 2 |a Podnikovohospodárska fakulta EU so sídlom v Košiciach. Katedra obchodného podnikania